000 00723nam a2200289Ia 4500
005 20260324121603.0
008 008 260324s9999 xx 000 0 eng d
020 _a9781315558509
037 _aEBOOK
040 _aCRL
040 _beng
040 _cCRL
041 _2eng
041 _aeng
084 _qCRL
100 _aAmandine Orsini
_91163085
245 4 _aThe European Union with(in) International Organisations
245 0 _bCommitment, Consistency and Effects across Time
260 _bTaylor and Francis
260 _c2014
365 _a
365 _b255
856 _uhttp://www.taylorfrancis.com/books/9781315558509
942 _cEBOOK
999 _c1755296
_d1755296